000 00747nam a22002537a 4500
001 126632
003 UA-OsUOA
005 20260306095340.0
007 ta
008 20171101b un ||||| |||| 00| 0 ukr d
020 _a966-7009-23-8
040 _aUA-OsUOA
_bukr
_cUA-OsUOA
_dUA-OsUOA
041 _aukr
080 _a821.161.2
090 _a821.161.2
_bБ27
100 _aБасенко К.
_924302
245 _aПочаток
_bісторичний роман
260 _aК.
_bУкр.Центр духовн.культури
_c1987
300 _a544 с.
650 7 _a82 Література. Літературознавство
_2UDC
_915
942 _cBK
_2udc
955 _a3
999 _c413841
_d413841